000 00504nam a2200193 a 4500
005 20240113063651.0
008 010621s1995 es r 000 0 spa d
020 _a8430927107
035 _aUPN01000108783
049 _aCG
050 4 _aP90
_bA3.5 1995
100 1 _aAlsina, Miguel Rodrigo
245 1 4 _aLos modelos de la comunicación /
_cMiguel Rodrigo Alsina.
250 _a2a ed.
260 _aMadrid :
_bTecnos,
_cc1995.
300 _a174 p.
650 4 _aComunicación
_99285
905 _aLibro
999 _c82694
_d82694